000 00347nam a2200145Ia 4500
008 191201s2004 xx 000 0 und d
082 _a006.33
_bLUA
100 _aLUGER, George F
245 0 _aArtificial Intelligence
250 _a4th
260 _aN.Delhi
_bPearson Education
_c2004
300 _a856
650 _aB.Tech(CSE)
942 _2ddc
_cBK
999 _c1710
_d1710